Việt Nam hướng tới năm 2020 Mô hình và những kịch bản

Sách giới thiệu, bên cạnh cấu trúc chứa đựng những chi tiết kinh tế, là mô hình xây dựng mang tính đặc thù Việt Nam trong sự phát triển, đó là: dân số, môi trường sinh thái, và thu nhập theo lãnh thổ...

Cur síos iomlán

Đã lưu trong:
Sonraí Bibleagrafaíochta
Príomhúdar: Đặng Hoàng Giang
Formáid: Leabhar
Teanga:Undetermined
Foilsithe: Hà Nội KHKT 1997
Ábhair:
Clibeanna: Cuir Clib Leis
Gan Chlibeanna, Bí ar an gcéad duine leis an taifead seo a chlibeáil!
Thư viện lưu trữ: Trung tâm Học liệu Trường Đại học Cần Thơ
LEADER 00893nam a2200193Ia 4500
001 CTU_32478
008 210402s9999 xx 000 0 und d
082 |a 330.9 
082 |b Gi106 
100 |a Đặng Hoàng Giang 
245 0 |a Việt Nam hướng tới năm 2020 
245 0 |b Mô hình và những kịch bản 
245 0 |c Đặng Hoàng Giang 
260 |a Hà Nội 
260 |b KHKT 
260 |c 1997 
520 |a Sách giới thiệu, bên cạnh cấu trúc chứa đựng những chi tiết kinh tế, là mô hình xây dựng mang tính đặc thù Việt Nam trong sự phát triển, đó là: dân số, môi trường sinh thái, và thu nhập theo lãnh thổ 
650 |a vietnam - economic aspects,vietnam - economic conditions 
980 |a Trung tâm Học liệu Trường Đại học Cần Thơ